00440 2200169 4500001002100000005001500021035002000036245006100056100002400117300002600141260002900167082001000196084001600206020000600222600002500228990001700253INLIS00000000000144020260416014203 a0010-04260000241 aLegenda Bawang Merah & Bawang Putih /cMaulana Ar-Rasyid0 aRasyid, Maulana Ar- a126 hlm ;c16 X 24 cm a- :bAksara Press,c2022 a398.2 a398.2 RAS l a- 4aLegenda Bawang Putih a4798/PP/2026